000 01134nam a2200217 i 4500
001 86333
003 ES-MaACL
007 t|
008 041228s2001 sp ||||1| spa d
080 _a355.48"1939/1945"
245 0 3 _aEl ocaso de los dioses [
_hRecurso electrónico].
260 _a[Madrid] :
_bDolmen,
_c[2001]
300 _a1 disco compacto (CD-ROM) :
_bson., col. ;
_c12 cm.
490 1 _aGrandes batallas de la II Guerra Mundial ;
_v9
500 _aRequerimiento mínimos: PC Pentium II a 200 Mhz., 32 Mb. de RAM, tarjeta gráfica de 4 Mb (1024x768, 16 bits) y monitor 1024x768, CD-ROM 16x o superiores y tarjeta de sonido. Funciona en Windows '95 o superiores.
505 8 _aContiene: Soviéticos y anglosajones emprenden la carrera por la toma de Berlín desde los frentes oriental y occidental. Los últimos reductos nazis de la capital del Reich caen ante la presión aliada, aunque no sin producirse una cruenta lucha
650 1 4 _aGuerra mundial, 1939-1945-
_xCampañas-
_vCD-ROM.
_913231
830 0 _aGrandes batallas de la II Guerra Mundial ;
_v9
_9183991
852 _aES-MaACL
_jROT 1/5/6
999 _c86333
_d86333